Prognózovanie kultúry a úloha dát v modele kultúry

Bibliographic Details
Main Author: Šalát, Marián (Author)
Format: Article
Language:Slovak
PhysicalDescription:Lit. 5 zázn. v slov.
Subjects:

MARC

LEADER 00000nab a2200000 a 4500
001 vtls000358177
003 SK-MaSNL
005 20260302223637.0
008 160204c1989 xo 0 slo
015 |a SNBRB19rr/mm-uuuuu 
035 |a CL0358299 
040 |a SNKBUCL  |b slo  |c SNKBUCL  |e AACR2 
041 0 |a slo 
044 |a xo  |c SK 
080 |a 008:303.444  |2 1981 
080 |a 303.444  |2 1981 
100 1 |a Šalát, Marián  |4 aut  |9 557221 
245 1 0 |a Prognózovanie kultúry a úloha dát v modele kultúry  |c Marián Šalát 
300 |b Lit. 5 zázn. v slov. 
650 0 7 |a kultúra  |2 snkbucl  |9 886 
655 7 |a články z novín a časopisov  |2 snkbucl  |9 267496 
773 0 |t Osvetová práca  |g Roč. 39, č. 2 (1989), s. 16-18 
850 |a Slovenská národná knižnica v Martine  |a MTA001 
852 |a SNK  |b KIS3GCP 
958 |a NB 
958 |a RK 
992 |a RBX 
999 |c 1521232  |d 1523162